Catalog

Record Details

Catalog Search



Euro-Par 2012: Parallel Processing Workshops BDMC, CGWS, HeteroPar, HiBB, OMHI, Paraphrase, PROPER, Resilience, UCHPC, VHPC, Rhodes Islands, Greece, August 27-31, 2012. Revised Selected Papers  Cover Image E-book E-book

Euro-Par 2012: Parallel Processing Workshops [electronic resource] : BDMC, CGWS, HeteroPar, HiBB, OMHI, Paraphrase, PROPER, Resilience, UCHPC, VHPC, Rhodes Islands, Greece, August 27-31, 2012. Revised Selected Papers / edited by Ioannis Caragiannis, Michael Alexander, Rosa Maria Badia, Mario Cannataro, Alexandru Costan, Marco Danelutto, Frédéric Desprez, Bettina Krammer, Julio Sahuquillo, Stephen L. Scott, Josef Weidendorfer.

Electronic resources


LDR 02714nam a22006135i 4500
00133138
003CONS
00520130727075640.0
007cr nn 008mamaa
008130217s2013 gw | s |||| 0|eng d
020 . ‡a9783642369490 ‡9978-3-642-36949-0
0247 . ‡a10.1007/978-3-642-36949-0 ‡2doi
035 . ‡a(DE-He213)978-3-642-36949-0
050 4. ‡aQA76.9.E94
072 7. ‡aUYD ‡2bicssc
072 7. ‡aCOM074000 ‡2bisacsh
1001 . ‡aCaragiannis, Ioannis. ‡eeditor.
24510. ‡aEuro-Par 2012: Parallel Processing Workshops ‡h[electronic resource] : ‡bBDMC, CGWS, HeteroPar, HiBB, OMHI, Paraphrase, PROPER, Resilience, UCHPC, VHPC, Rhodes Islands, Greece, August 27-31, 2012. Revised Selected Papers / ‡cedited by Ioannis Caragiannis, Michael Alexander, Rosa Maria Badia, Mario Cannataro, Alexandru Costan, Marco Danelutto, Frédéric Desprez, Bettina Krammer, Julio Sahuquillo, Stephen L. Scott, Josef Weidendorfer.
264 1. ‡aBerlin, Heidelberg : ‡bSpringer Berlin Heidelberg : ‡bImprint: Springer, ‡c2013.
300 . ‡aXXIV, 589 p. 232 illus. ‡bonline resource.
336 . ‡atext ‡btxt ‡2rdacontent
337 . ‡acomputer ‡bc ‡2rdamedia
338 . ‡aonline resource ‡bcr ‡2rdacarrier
347 . ‡atext file ‡bPDF ‡2rda
4901 . ‡aLecture Notes in Computer Science, ‡x0302-9743 ; ‡v7640
650 0. ‡aComputer science.
650 0. ‡aComputer hardware.
650 0. ‡aComputer network architectures.
650 0. ‡aComputer system performance.
650 0. ‡aSoftware engineering.
650 0. ‡aComputer software.
650 0. ‡aBioinformatics.
65014. ‡aComputer Science.
65024. ‡aSystem Performance and Evaluation.
65024. ‡aComputer Systems Organization and Communication Networks.
65024. ‡aSoftware Engineering/Programming and Operating Systems.
65024. ‡aAlgorithm Analysis and Problem Complexity.
65024. ‡aComputational Biology/Bioinformatics.
65024. ‡aComputer Hardware.
7001 . ‡aAlexander, Michael. ‡eeditor.
7001 . ‡aBadia, Rosa Maria. ‡eeditor.
7001 . ‡aCannataro, Mario. ‡eeditor.
7001 . ‡aCostan, Alexandru. ‡eeditor.
7001 . ‡aDanelutto, Marco. ‡eeditor.
7001 . ‡aDesprez, Frédéric. ‡eeditor.
7001 . ‡aKrammer, Bettina. ‡eeditor.
7001 . ‡aSahuquillo, Julio. ‡eeditor.
7001 . ‡aScott, Stephen L. ‡eeditor.
7001 . ‡aWeidendorfer, Josef. ‡eeditor.
7102 . ‡aSpringerLink (Online service)
7730 . ‡tSpringer eBooks
77608. ‡iPrinted edition: ‡z9783642369483
830 0. ‡aLecture Notes in Computer Science, ‡x0302-9743 ; ‡v7640
85640. ‡uhttp://biblioteca.ipicyt.edu.mx:2048/login?url=http://dx.doi.org/10.1007/978-3-642-36949-0 ‡yTexto completo ‡9CONS
950 . ‡aComputer Science (Springer-11645)
901 . ‡a33138 ‡b ‡c33138 ‡tbiblio ‡sSystem Local

Additional Resources